[Event "Schleswig Holstein-ch U16 VM"]
[Site "Neumuenster"]
[Date "2008.03.28"]
[Round "7"]
[White "Dardaillon, Maurice"]
[Black "Johannsen, Fabian"]
[Result "0-1"]
[WhiteElo "1005"]
[BlackElo "1113"]
[PlyCount "77"]
[EventDate "2008.03.24"]
[EventType "swiss"]
[EventRounds "9"]
[EventCountry "GER"]
[SourceTitle "EXT 2009"]
[Source "ChessBase"]
[SourceDate "2008.11.26"]
[SourceVersion "1"]
[SourceVersionDate "2008.11.26"]
[SourceQuality "1"]

1. e4 e5 2. Nf3 Nc6 3. Bc4 Bc5 4. Nc3 Nf6 5. 0-0 0-0 6. d3 d6 7. h3 h6 8. Be3 Bxe3 9. fxe3 Re8 10. d4 exd4 11. exd4 Nxe4 12. Nxe4 Rxe4 13. Re1 Rxe1+ 14. Qxe1 Bf5 15. c3 Qf6 16. Qe3 Na5 17. Bd3 Be6 18. Re1 Nc4 19. Qe2 Nb6 20. Qe4 g6 21. Qxb7 Bd5 22. Qxc7 Bxf3 23. gxf3 Qg5+ 24. Kf1 Qg3 25. Qc6 Qxh3+ 26. Kf2 Qh4+ 27. Kf1 Qh1+ 28. Ke2 Qg2+ 29. Kd1 Qxb2 30. Re8+ Rxe8 31. Qxe8+ Kg7 32. Qc6 Qa1+ 33. Kc2 Qxa2+ 34. Kc1 Na4 35. Qb5 Qa3+ 36. Kd2 Qxc3+ 37. Ke3 Qe1+ 38. Be2 Nc3 39. f4 0-1

[Event "Schleswig Holstein-ch U16 VM"]
[Site "Neumuenster"]
[Date "2008.03.27"]
[Round "5"]
[White "Schramm, Philipp"]
[Black "Johannsen, Fabian"]
[Result "1-0"]
[WhiteElo "1286"]
[BlackElo "1113"]
[PlyCount "61"]
[EventDate "2008.03.24"]
[EventType "swiss"]
[EventRounds "9"]
[EventCountry "GER"]
[SourceTitle "EXT 2009"]
[Source "ChessBase"]
[SourceDate "2008.11.26"]
[SourceVersion "1"]
[SourceVersionDate "2008.11.26"]
[SourceQuality "1"]

1. e4 e5 2. Nf3 Nc6 3. d3 Nf6 4. Nc3 Bc5 5. h3 0-0 6. Be2 d5 7. Bg5 d4 8. Nd5 Be7 9. Nxe7+ Qxe7 10. 0-0 h6 11. Bd2 Re8 12. c3 Qe6 13. cxd4 exd4 14. Bf4 Nh5 15. Bxc7 Qg6 16. Nh4 Qg5 17. Bxh5 Qxh4 18. Qf3 g6 19. Bg4 Re7 20. Bd6 Re8 21. a3 Bxg4 22. Qxg4 Qf6 23. Bg3 h5 24. Qd1 h4 25. Bh2 Ne5 26. Rc1 b6 27. Qd2 a6 28. Rfd1 b5 29. Rc5 Nd7 30. Rd5 Nb6 31. Rd6 1-0